Essays on Chinese civilization /

Bibliographic Details
Main Author: Bodde, Derk, 1909-2003
Other Authors: Le Blanc, Charles, Borei, Dorothy
Format: Book
Language:English
Published: Princeton, N.J. : Princeton University Press, [1981]
Series:Princeton series of collected essays.
Subjects:

MARC

Tag First Indicator Second Indicator Subfields
LEADER 00000cam a2200000 a 4500
001 in00000073142
005 20151008060052.0
008 820309s1981 nju b 00110 eng b
010 |a  80020812  
020 |a 0691031290 
020 |a 0691000247 (pbk.) 
035 |a (OCoLC)08227888 
035 |9 AAJ5081AM 
040 |a RID  |c RID  |d TXA  |d UtOrBLW 
049 |a TXAM  |c [951957] 
050 0 0 |a DS721  |b .B613 
100 1 |a Bodde, Derk,  |d 1909-2003. 
245 1 0 |a Essays on Chinese civilization /  |c Derk Bodde ; edited and introduced by Charles Le Blanc and Dorothy Borei. 
264 1 |a Princeton, N.J. :  |b Princeton University Press,  |c [1981] 
264 4 |c ©1981 
300 |a xvii, 454 pages ;  |c 24 cm. 
336 |a text  |b txt  |2 rdacontent 
337 |a unmediated  |b n  |2 rdamedia 
338 |a volume  |b nc  |2 rdacarrier 
490 1 |a Princeton series of collected essays 
504 |a Includes bibliographical references and index. 
504 |a "Bibliography of Derk Bodde" : pages [427]-438. 
651 0 |a China  |x Civilization. 
700 1 |a Le Blanc, Charles. 
700 1 |a Borei, Dorothy. 
830 0 |a Princeton series of collected essays. 
999 |a MARS 
999 f f |s 12265819-b460-3a18-8f81-e1044f564c8b  |i b6b3db9f-73ec-3bd2-973f-60e1f704ac72  |t 0 
952 f f |p ric  |a Texas A&M University  |b Rellis Campus  |c Joint Library Facility  |d Remote Storage  |t 0  |e DS721 .B613  |h Library of Congress classification  |i unmediated -- volume  |m A14806102093 
998 f f |a DS721 .B613  |t 0  |l Remote Storage